Atlas del potencial energético de la biomasa residual en Colombia (Registro nro. 8559)

Detalles MARC
000 -CABECERA
Campo de control 00974nam a22002537a 4500
005 - FECHA Y HORA DE LA ULTIMA TRANSACCION
Campo de control 20140721151138.0
008 - ELEMENTOS DE LONGITUD FIJA—INFORMACION GENERAL
Campo de control 140127b ck ||||| |||| 00| 0 spa d
020 ## - ISBN
ISBN 9588151915
041 ## - IDIOMA
Código de idioma para texto/pista de sonido o título separado Español
082 04 - NUMERO DE CLASIFICACION DECIMAL DEWEY
Número de clasificación 333.79
Número del ítem U68a
245 00 - MENCION DE TITULO
Título Atlas del potencial energético de la biomasa residual en Colombia
260 ## - PUBLICACION, DISTRIBUCION, ETC. (PIE DE IMPRENTA)
Lugar de publicación, distribución, etc. Bogotá
Nombre del editor, distribuidor, etc. Unidad de Planeación Minero Energética
-- IDEAM
-- Colciencias
-- Universidad Industrial de Santander
Fecha de publicación, distribución, etc. [s.f.]
300 ## - DESCRIPCION FISICA
Extensión 180 p.
Otros detalles físicos il., tablas, mapas
Dimensiones 34 cm.
650 ## - ASIENTO SECUNDARIO DE MATERIA - TERMINO TEMATICO
Término temático o nombre geográfico como elemento de entrada Recursos energéticos
Subdivisión de forma atlas
Subdivisión cronológica Colombia
650 16 - ASIENTO SECUNDARIO DE MATERIA - TERMINO TEMATICO
Término temático o nombre geográfico como elemento de entrada Energía eléctrica
Subdivisión de forma atlas
Subdivisión cronológica Colombia
650 16 - ASIENTO SECUNDARIO DE MATERIA - TERMINO TEMATICO
Término temático o nombre geográfico como elemento de entrada Gas natural
Subdivisión de forma atlas
Subdivisión cronológica Colombia
650 16 - ASIENTO SECUNDARIO DE MATERIA - TERMINO TEMATICO
Término temático o nombre geográfico como elemento de entrada Biomasa
Subdivisión de forma atlas
Subdivisión cronológica Colombia
700 1# - ASIENTO SECUNDARIO - NOMBRE PERSONAL
Nombre personal Escalante-Hernández, Humberto
700 1# - ASIENTO SECUNDARIO - NOMBRE PERSONAL
Nombre personal Orduz-Prada, Janneth
700 1# - ASIENTO SECUNDARIO - NOMBRE PERSONAL
Nombre personal Zapata-Lesmes, Henry Josué
700 1# - ASIENTO SECUNDARIO - NOMBRE PERSONAL
Nombre personal Cardona-Ruiz, María Cecilia
700 1# - ASIENTO SECUNDARIO - NOMBRE PERSONAL
Nombre personal Duarte-Ortega, Martha
942 ## - ELEMENTOS ADICIONALES (KOHA)
Tipo de ítem Libro
Sistema de clasificación Dewey Decimal Classification
Koha issues (borrowed), all copies 1
Existencias
Withdrawn status Lost status Sistema de Clasificación Damaged status No para préstamo Colección Inventariado Ubicación Permanente Ubicación actual Fecha de adquisición Fuente de Valor Valor Total Checkouts Número topográfico Inventario / Código de Barras Date last seen Ejemplar Price effective from Forma de adquisición Tipo de material
    Dewey Decimal Classification     Referencia Inventariado 2017 Bogotá Bogotá 21/07/2014 Instituto 39000.00   RF-333.79 U68a 034149 21/07/2014 Ej. 1 21/07/2014 Canje Referencia
    Dewey Decimal Classification     Referencia Inventariado 2017 Bogotá Bogotá 03/08/2018   39000.00   RF-333.79 U68a 034148 03/08/2018 Ej. 2 03/08/2018 Donación Referencia
    Dewey Decimal Classification     Referencia   Bogotá Bogotá 17/03/2020       RF-333.79 U68a 034263 17/03/2020 Ej. 3 17/03/2020 Donación Referencia